Fundamental Methods of Mathematical Economics (Record no. 346412)
[ view plain ]
| 000 -LEADER | |
|---|---|
| fixed length control field | 00345 a2200133 4500 |
| 090 ## - LOCALLY ASSIGNED LC-TYPE CALL NUMBER (OCLC); LOCAL CALL NUMBER (RLIN) | |
| -- | 3952 |
| -- | 3952 |
| 100 ## - MAIN ENTRY--PERSONAL NAME | |
| Personal name | Alpha C Chiang |
| 245 ## - TITLE STATEMENT | |
| Title | Fundamental Methods of Mathematical Economics |
| 250 ## - EDITION STATEMENT | |
| Edition statement | 3rd ed |
| 260 ## - PUBLICATION, DISTRIBUTION, ETC. | |
| Place of publication, distribution, etc. | Islamabad |
| Name of publisher, distributor, etc. | National Book Foundation |
| Date of publication, distribution, etc. | 1997 |
| 300 ## - PHYSICAL DESCRIPTION | |
| Extent | 788p. |
| 500 ## - GENERAL NOTE | |
| General note | Papercover |
| 942 ## - ADDED ENTRY ELEMENTS (KOHA) | |
| Institution code [OBSOLETE] | NBS |
| Koha item type | Book |
| Call number prefix | 330.0151 CHI |
| Withdrawn status | Lost status | Damaged status | Not for loan | Permanent Location | Current Location | Date acquired | Total Checkouts | Full call number | Barcode | Checked out | Date last seen | Date last checked out | Price effective from | Koha item type |
|---|---|---|---|---|---|---|---|---|---|---|---|---|---|---|
| Central Library (CL) | Central Library (CL) | 08/28/2013 | 3 | 330.0151 CHI | NBS2466 | 10/23/2018 | 10/08/2018 | 10/08/2018 | 08/28/2013 | Book |
